Geese - 100 horses - Statistics

General Stats
  • This quiz has been taken 2 times
  • The average score is 137 of 156
Answer Stats
Answers % Correct
A
100%
Adams
100%
All
100%
all
100%
And
100%
been
100%
begging
100%
born
100%
circus
100%
dance
100%
dancing
100%
die
100%
down
100%
For
100%
for
100%
General
100%
get
100%
go
100%
He
100%
he
100%
horses
100%
hundred
100%
I
100%
In
100%
in
100%
is
100%
Maybe
100%
me
100%
music
100%
must
100%
Must
100%
nervous"
100%
of
100%
on
100%
Once
100%
"One
100%
one
100%
only
100%
or
100%
people
100%
people,
100%
said
100%
said,
100%
scared"
100%
scared
100%
smile
100%
Smith
100%
So
100%
so
100%
"Son,
100%
the
100%
There
100%
they
100%
they've
100%
times
100%
to
100%
told
100%
war
100%
we
100%
We
100%
were
100%
what
100%
will
100%
you
100%
124
50%
again
50%
But
50%
Danced
50%
danced
50%
day
50%
far
50%
floors
50%
freely
50%
have
50%
long
50%
never
50%
not
50%
now
50%
Out
50%
smiling
50%
stop
50%
that
50%
too
50%
up
50%
worry
50%
would
50%
change
0%
completely
0%
esle
0%
No matching quizzes found
Score Distribution
Percent of People with Each Score
Percentile by Number Answered
Your Score History
You have not taken this quiz